=LDR 00000nam 2200000 4500 =001 INLIS000000000010997 =005 20240504115744 =035 ##$$a 0010-0524000377 =007 ta =008 240504###########################0###### =082 ##$$a 297.267 =084 ##$$a 297.267 KAZ u =100 1#$$a KAZARI, Naufal =245 1#$$a Untaian Kata Bijak Islami : $b Kata-kata Penuh Hikma dari Al-Quran, Rasulullah s.a.w, Khulafaur Rasyidin, dan Imam yang Empat /$c Naufal Kazari =260 ##$$a Yogyakarta :$b Suaka Media,$c 2013 =300 ##$$a ii, 154 halaman ; $c 13 x 19 cm =650 #4$$a Islam dan Seni =856 ##$$a OPAC (Rak 3.5) =990 ##$$a 976/H-16